L’Entrenador d’Habilitats directives
Publicado:
Barcelona :
Diputació. Àrea de Desenvolupament Econòmic Local. Servei de Teixit Productiu ,
2013
Descripción Física:
disc òptic (CD-ROM) : col.; 12 cm
MARC
| LEADER | 00000nam a2200000Ia 4500 | ||
|---|---|---|---|
| 001 | 23781 | ||
| 008 | 160829s2013 xx 000 0 cat d | ||
| 080 | |a CD-1-226 | ||
| 110 | |a Barcelona (Catalunya : Província). |b Àrea de Desenvolupament Econòmic Local |9 52903 | ||
| 245 | |a L’Entrenador d’Habilitats directives | ||
| 260 | |a Barcelona : |b Diputació. Àrea de Desenvolupament Econòmic Local. Servei de Teixit Productiu, |c 2013 | ||
| 300 | |a disc òptic (CD-ROM) : |b col.; |c 12 cm | ||
| 590 | |a Requeriments tècnics: Sistema operatiu Windows Xp o superior i Mac OS X 10.4 o superior. Hardware: Ordenador amb processador mínim a 1 GHz. Memròria RAM de 128 MB | ||
| 650 | |a Aptitud per a la direcció |9 45107 | ||
| 650 | |a Empreses |x Direcció i administració |x Aspectes psicològics |9 49972 | ||
| 710 | |a Barcelona (Catalunya : Província). |b Servei de Teixit Productiu |9 53474 | ||
| 901 | |a Arxiu | ||
| 942 | |n 1 | ||
| 952 | |0 0 |1 0 |4 0 |6 CD1226 |7 1 |9 55711 |a Arxiu |b Arxiu |d 2016-12-01 |l 0 |o CD-1-226 |p 23781 |r 2016-12-01 00:00:00 |w 2016-12-01 |y ARXIU | ||
| 999 | |c 59584 |d 59584 | ||